1 spécialité 1 pays - Statistiques

Statistiques générales
  • Ce quiz a été pris 102 fois
  • Le résultat moyen est 8 sur 10
Statistiques - réponses
Par images Réponse % Correct
france
100%
italie
100%
belgique
97%
japon
96%
suisse
93%
maroc
90%
allemagne
78%
espagne
78%
mexique
61%
russie
29%
Aucun quiz correspondant
Distribution des résultats
% des personnes avec chaque résultat
Percentile par nombre de réponses
Votre historique - résultats
Vous n’avez pas pris ce quiz